000 00760nam a2200265Ia 4500
003 OSt
005 20221005100503.0
006 a|||||r|||| 00| 0
007 ta
008 221004b |||||||| |||| 00| 0 eng d
024 _a68035
037 _cTextual
040 _aCRL
_cCRL
_beng
041 _2eng
_aeng
082 _aX:8, M9
100 _aLondon Manuel
_992973
245 0 _aManaging the training enterprise
_b High quality cost effective employee training in organizations
260 _aSan Francisco
_bJossey-Bass
_c1989
300 _a341p.
_ccm.
490 _aJossey Bass management series, 1989
650 _a ECONOMICS
650 _aMANAGEMENT
942 _hX:8, M9
_cTEXL
_2cc
999 _c1005296
_d1005296